000 00693nam a2200241Ia 4500
003 OSt
005 20220924115641.0
006 a|||||r|||| 00| 0
007 ta
008 220923b |||||||| |||| 00| 0 hin d
024 _a215466
037 _cTextual
040 _aARTS
_cARTS
_bhin
041 _2hin
_ahin
082 _aO15,1D05,1:g, 152P2
100 _aTiwari Sanjay Kumar
_9179071
245 0 _aAshvaghoshapranit Buddhacharita
_b ek adhyayan
260 _aDelhi
_bEastern book linkers India
_c2002
300 _a157 p
_ccm.
650 _aENGLISH LITERATURE
942 _hO15,1D05,1:g, 152P2
_cTEXL
_2CC
999 _c399288
_d399288